Chocolate Producing Countries - Statistics

General Stats
  • This quiz has been taken 83 times
  • The average score is 9 of 15
Answer Stats
Rank Answer % Correct
7 Brazil
94%
9 Columbia
76%
8 Peru
75%
13 Mexico
72%
5 Ecuador
71%
14 India
69%
15 Venezuela
69%
4 Nigeria
64%
3 Indonesia
63%
2 Ghana
60%
1 Côte d’Ivoire
56%
6 Cameroon
53%
10 Dominican Republic
46%
12 Uganda
36%
11 Papua New Guinea
28%
No matching quizzes found
Score Distribution
Percent of People with Each Score
Percentile by Number Answered
Your Score History
You have not taken this quiz